Violence conjugale: processus d'arrêt

Guardado en:  
Detalles Bibliográficos
Autores principales: Prairie, Joanne (Autor) ; Langelier-Biron, Louise (Autor)
Tipo de documento: Print Libro
Lenguaje:Francés
Publicado: Montréal Ecole de Criminologie, Univ. de Montréal 1986
En: Cahier (21)
Año: 1986
Disponibilidad en Tübingen:Disponible en Tübingen.
UB: KB 8 E 814
Verificar disponibilidad: HBZ Gateway
Servicio de pedido Subito: Pedir ahora.

MARC

LEADER 00000cam a22000002c 4500
001 1086355733
003 DE-627
005 20251224220103.0
007 tu
008 880906s1986 xx ||||| 00| ||fre c
035 |a (DE-627)1086355733 
035 |a (DE-576)016355733 
035 |a (DE-599)BSZ016355733 
035 |a (OCoLC)22811816 
040 |a DE-627  |b ger  |c DE-627  |e rakwb 
041 |a fre 
082 0 |a 360 
100 1 |a Prairie, Joanne  |4 aut 
245 1 0 |a Violence conjugale  |b processus d'arrêt  |c Joanne Prairie; Louise Langelier-Biron 
264 1 |a Montréal  |b Ecole de Criminologie, Univ. de Montréal  |c 1986 
300 |a V, 170 S. 
336 |a Text  |b txt  |2 rdacontent 
337 |a ohne Hilfsmittel zu benutzen  |b n  |2 rdamedia 
338 |a Band  |b nc  |2 rdacarrier 
490 1 |a Cahier / École de Criminologie, Université de Montréal  |v 21 
583 1 |a Archivierung prüfen  |c 20200919  |f DE-640  |z 1  |2 pdager 
700 1 |a Langelier-Biron, Louise  |0 (DE-588)1041312571  |0 (DE-627)766860361  |0 (DE-576)164988092  |4 aut 
810 2 |a École de criminologie  |g Montréal  |t Cahier  |v 21  |9 21  |w (DE-627)1083256769  |w (DE-576)013256769  |7 am 
951 |a BO 
ELC |b 1 
LOK |0 000 xxxxxcx a22 zn 4500 
LOK |0 001 2121207279 
LOK |0 003 DE-627 
LOK |0 004 1086355733 
LOK |0 005 20151030144956 
LOK |0 008 880906||||||||||||||||ger||||||| 
LOK |0 040   |a DE-21  |c DE-627  |d DE-21 
LOK |0 852   |a DE-21 
LOK |0 852 1  |c KB 8 E 814  |9 00 
LOK |0 935   |a krim 
LOK |0 939   |a 06-09-88  |b l01 
ORI |a SA-MARC-krimdoka001.raw 
SIG |a UB: KB 8 E 814